Countries With The Most WhatsApp Users - Statistics

General Stats
  • This quiz has been taken 25 times
    20 since last reset
  • The average score is 23 of 35
Answer Stats
% Country % Correct
91.3 Austria
88%
88.7 Italy
88%
94.4 Argentina
81%
94.5 Brazil
81%
94.9 Chile
81%
93.2 Colombia
81%
92.3 Spain
81%
89.8 Germany
75%
82.5 Ireland
75%
92.9 Mexico
75%
92.9 Paraguay
75%
89.6 Peru
75%
93.7 Switzerland
75%
95.6 Uruguay
75%
85.5 Venezuela
75%
80.6 Belgium
69%
87.3 Bolivia
69%
90.5 Ecuador
69%
90.1 Portugal
69%
93.6 Costa Rica
63%
89.9 El Salvador
63%
91.8 Greece
63%
85.9 Guatemala
63%
89.6 Nicaragua
63%
91.2 Panama
63%
81.2 Cuba
56%
87.9 Guyana
56%
89.7 Honduras
56%
93.9 Netherlands
56%
88.6 Suriname
56%
86.2 Dominican Republic
50%
85.6 Jamaica
50%
88.5 Turkey
50%
85.6 Belize
44%
88.3 South Africa
38%
No matching quizzes found
Score Distribution
Percent of People with Each Score
Percentile by Number Answered
Your Score History
You have not taken this quiz since the last reset